000 00234nam a2200097Ia 4500
008 240331s9999 xx 000 0 und d
082 _bNEW
100 _aMcHenry, R. ed
245 4 _aThe new encyclopaedia Britannica :
_bvol. 6
942 _cL
999 _c3279
_d3279